Mimoburzové trhy a ich úloha vo finančnom systéme [1]
Pojem mimoburzový trh a jeho charakteristika. Špecifiká mimoburzového trhu. Vývoj mimoburzových trhov a jeho štruktúra v USA. NASDAQ - National Association of Securities Dealers Automated Quotation. Hlavnou úlohou tohto systému je vyvíjať a riadiť systémy, služby a produkty pre rôzne trhy s cennými...
Guardado en:
| Autor principal: | |
|---|---|
| Otros Autores: | |
| Formato: | Capítulo de libro |
| Lenguaje: | eslovaco |
| Materias: | |
| Etiquetas: |
Sin Etiquetas, Sea el primero en etiquetar este registro!
|
MARC
| LEADER | 00000naa$a2200000$$$4500 | ||
|---|---|---|---|
| 001 | 0005684 | ||
| 005 | 20221128110420.5 | ||
| 041 | 0 | |a slo | |
| 044 | |a SK | ||
| 245 | 1 | 0 | |a Mimoburzové trhy a ich úloha vo finančnom systéme [1] |c aut. Božena Chovancová, Tomáš Gregor |
| 520 | |a Pojem mimoburzový trh a jeho charakteristika. Špecifiká mimoburzového trhu. Vývoj mimoburzových trhov a jeho štruktúra v USA. NASDAQ - National Association of Securities Dealers Automated Quotation. Hlavnou úlohou tohto systému je vyvíjať a riadiť systémy, služby a produkty pre rôzne trhy s cennými papiermi. | ||
| 610 | 2 | 0 | |a trh mimoburzový |
| 610 | 2 | 0 | |a papiere cenné |
| 610 | 2 | 0 | |a USA |
| 610 | 2 | 0 | |a kótovanie |
| 610 | 2 | 0 | |a akcie |
| 610 | 2 | 0 | |a burzy |
| 610 | 2 | 0 | |a NASDAQ |
| 100 | 1 | |a Chovancová, Božena | |
| 700 | 1 | |a Gregor, Tomáš | |